|
ห้องสมุด วิทยาลัยพยาบาลบรมราชชนนี อุดรธานี
Boromarajonani College of Nursing, Udonthani
|


|
mysqli: Table './ulib2015/stat_globaluid' is marked as crashed and last (automatic?) repair failed
select id from stat_globaluid where statuid='20260418114757_4796'
mysqli: Table './ulib2015/stat_globaluid' is marked as crashed and last (automatic?) repair failed
DELETE FROM stat_globaluid
WHERE id NOT IN (
SELECT id
FROM (
SELECT id
FROM stat_globaluid
ORDER BY id DESC
LIMIT 100
) foo
);
mysqli: Table './ulib2015/stat_globaluid' is marked as crashed and last (automatic?) repair failed
insert into stat_globaluid set
statuid='20260418114757_4796',
dt='1776487677',
phpself='/ULIB/dublinfull.php',
agent='Mozilla/5.0 AppleWebKit/537.36 (KHTML, like Gecko; compatible; ClaudeBot/1.0; +claudebot@anthropic.com)',
yea='2026',
mon='4',
dat='18',
ip='216.73.216.142'
| LEADER 00674nam 2200229 a 4500 |
| 001 9933 |
| 003 ULIBM |
| 008 220411s2532 th m a001 0 tha d |
| 020 ^a 974-8161-76-5
|
| 050 4 ^a HF^bน573ก 2532.
|
| 245 ^a ^a1111 |
| 250 ^aพิมพ์ครั้งที่ 2.
|
| 300 ^a 303 หน้า.
|
| 650 7 ^aกลุ่มสร้างคุณภาพงาน--การบริหารคุณภาพ.
|
| 945 ^p0^l0^i4583
|
| 945 ^p0^l0^i4584
|
| 945 ^p0^l0^i4585 |
| 999 ^aลิขิตลักษณ์
|
| คุณยังไม่ได้ล็อกอิน คุณสามารถมีกิจกรรมร่วมกับเว็บไซต์ได้ แต่ต้องล็อกอินก่อน :: |
|
| ลำดับที่ |
ประเภท |
เลขเรียก/บาร์โค้ด |
สถานที่ |
สถานะ |
| 1. |
 หนังสือภาษาไทย | HF น573ก 2532. Barcode: 4583 | หนังสือทั่วไป | On Shelf |
| 2. |
 หนังสือภาษาไทย | HF น573ก 2532. ฉ.2 Barcode: 4584 | หนังสือทั่วไป | On Shelf |
| 3. |
 หนังสือภาษาไทย | HF น573ก 2532. ฉ.3 Barcode: 4585 | หนังสือทั่วไป | On Shelf |
| [แสดง 3/3 รายการ] |
mysqli: Can't create/write to file '/var/tmp/#sql_59d_1.MAI' (Errcode: 2)
select * from index_db where titl like '%การบริหารคุณภาพแบบญี่ปุ่น/ นิตย์ สัมมาพันธ์.%' and mid<>'9933' order by rand() limit 3
mysqli: Can't create/write to file '/var/tmp/#sql_59d_1.MAI' (Errcode: 2)
select * from index_db where subj like '%กลุ่มสร้างคุณภาพงาน--การบริหารคุณภาพ.%' and mid<>'9933' order by rand() limit 3
|
ยังไม่เคยถูกคอมเมนท์
|
| คอมเมนท์ทรัพยากรรายการนี้ |
|